| 000 | 01119nam a2200277Ia 4500 | ||
|---|---|---|---|
| 003 | OSt | ||
| 005 | 20221005111908.0 | ||
| 006 | a|||||r|||| 00| 0 | ||
| 007 | ta | ||
| 008 | 221004b |||||||| |||| 00| 0 hin d | ||
| 020 | _c250 | ||
| 024 | _a83016 | ||
| 037 |
_b584, 30/03/2005, Eastern Book Linkers _cTextual |
||
| 040 |
_aCRL _cCRL _bhin |
||
| 041 |
_2hin _ahin |
||
| 082 | _aO15,1:gN, 152P4 | ||
| 100 | _aमुसलगॉंवकर, केशवराव | ||
| 245 | 0 | _aआधुनिक संस्कृत काव्य परम्परा | |
| 246 | _aĀdhunik sanskṛut kāvya paramparā | ||
| 260 |
_aवाराणसी _bचौखम्बा विद्याभवन भारत _c2004 |
||
| 300 |
_a406पृ0 _ccm. |
||
| 650 | _aसंस्कृत साहित्य | ||
| 700 | _a मुसलगॉंवकर, , संपा. | ||
| 942 |
_hO15,1:gN, 152P4 _cTEXL _2cc |
||
| 999 |
_c1023224 _d1023224 |
||